Score 0/192 Timer 07:00
39 Plays Today
% Correct
part of a sentence
99.5%
FINISH
98.6%
tree material
91.2%
WORD
91.1%
0~O~0~O~0~O~0
91.1%
0~O~0~O~0~O~0
91.1%
0~O~0~O~0~O~0
90.3%
0~O~0~O~0~O~0
90.3%
nourishment
90.3%
WOOD
90.1%
automaker Henry
89.7%
Robin_
89.7%
FOOD
89.6%
0~O~0~O~0~O~0
89%
0~O~0~O~0~O~0
89%
fish snagger
87.4%
HOOD
87.3%
cable
85.4%
FORD
85.2%
0~O~0~O~0~O~0
83.5%
0~O~0~O~0~O~0
83.5%
boil, for example
83.4%
HOOK
83.2%
0~O~0~O~0~O~0
80.3%
0~O~0~O~0~O~0
80.3%
0~O~0~O~0~O~0
80.1%
0~O~0~O~0~O~0
80.1%
bottle stopper
79.5%
0~O~0~O~0~O~0
79.2%
0~O~0~O~0~O~0
79.2%
0~O~0~O~0~O~0
79.2%
0~O~0~O~0~O~0
79.2%
COOK
79%
certain meat
79%
0~O~0~O~0~O~0
78.9%
0~O~0~O~0~O~0
78.9%
jack, for example
78.8%
0~O~0~O~0~O~0
78.8%
0~O~0~O~0~O~0
78.8%
CORK
78.7%
0~O~0~O~0~O~0
78.6%
0~O~0~O~0~O~0
78.6%
CORD
78.4%
fringe benefit
78.3%
PORK
78.3%
kitchen utensil
78.3%
FORK
78%
0~O~0~O~0~O~0
65.5%
0~O~0~O~0~O~0
65.5%
Shakespeare
65.5%
CARD
64%
yank
63.2%
PERK
63.2%
0~O~0~O~0~O~0
61.8%
0~O~0~O~0~O~0
61.8%
0~O~0~O~0~O~0
60.6%
0~O~0~O~0~O~0
60.6%
JERK
60.4%
booby or titlark
60%
BARD
59.6%
tie
58.9%
BIRD
58.2%
friendly
51.7%
breeze
51.5%
% Correct
WIND
51.4%
0~O~0~O~0~O~0
51.3%
0~O~0~O~0~O~0
51.3%
BIND
51.1%
detect
50.9%
satisfactory
50.8%
FIND
50.7%
KIND
50.4%
fork prong
50%
FINE
49.6%
0~O~0~O~0~O~0
49.4%
0~O~0~O~0~O~0
49.4%
subtle coloring
49%
TINE
48.4%
search
47.5%
clue
47.3%
HINT
47.2%
TINT
47%
last of the litter
45.9%
0~O~0~O~0~O~0
45.8%
0~O~0~O~0~O~0
45.8%
oxidize
45.7%
HUNT
45.6%
RUNT
45.4%
rejuvenate
44.8%
hurry
44.3%
RUST
44.3%
head statue
42.8%
remove by force
42.8%
#1
42.7%
0~O~0~O~0~O~0
42.7%
0~O~0~O~0~O~0
42.7%
desire
42.5%
BUST
42.1%
0~O~0~O~0~O~0
41.9%
0~O~0~O~0~O~0
41.9%
missing
41.7%
LUST
41.6%
BEST
41.4%
0~O~0~O~0~O~0
41.3%
0~O~0~O~0~O~0
41.3%
greatest
41.2%
LOST
40.9%
RUSH
40.8%
REST
40.5%
0~O~0~O~0~O~0
40%
0~O~0~O~0~O~0
40%
0~O~0~O~0~O~0
39.2%
0~O~0~O~0~O~0
39.2%
0~O~0~O~0~O~0
39.1%
0~O~0~O~0~O~0
39.1%
0~O~0~O~0~O~0
37.5%
0~O~0~O~0~O~0
37.5%
sail support
37.2%
refrain from eating
36.9%
MOST
36.8%
MAST
36.8%
FAST
36.6%
right on a map
36.6%
0~O~0~O~0~O~0
35.4%
0~O~0~O~0~O~0
35.4%
EAST
35.3%
0~O~0~O~0~O~0
32.9%
0~O~0~O~0~O~0
32.9%
% Correct
dirt particles
32.5%
song for two
32.4%
0~O~0~O~0~O~0
32.4%
0~O~0~O~0~O~0
32.4%
prearranged combat
32.3%
DUST
32.2%
sunset
32.2%
replete
32.2%
coal, for example
32.1%
DUET
32.1%
0~O~0~O~0~O~0
32%
0~O~0~O~0~O~0
32%
DUEL
31.8%
FUEL
31.7%
DUSK
31.5%
0~O~0~O~0~O~0
31%
0~O~0~O~0~O~0
31%
Michael Jordan, once
30.5%
interval of calm
29.7%
FULL
29.7%
0~O~0~O~0~O~0
29.4%
0~O~0~O~0~O~0
29.4%
0~O~0~O~0~O~0
29.4%
0~O~0~O~0~O~0
29.4%
ringer
29.2%
spherical toy
28.9%
BALL
28.8%
0~O~0~O~0~O~0
28.6%
0~O~0~O~0~O~0
28.6%
OUST
28.3%
BULL
28.2%
hades
28.2%
body of a ship
28%
throw with great force
27.8%
BELL
27.8%
HELL
27.7%
HULL
27.5%
LULL
26.8%
remedy
26.4%
0~O~0~O~0~O~0
26.4%
0~O~0~O~0~O~0
26.4%
treatment
26.1%
twist into ringlets
26%
0~O~0~O~0~O~0
25.8%
0~O~0~O~0~O~0
25.8%
HURL
25.5%
CURE
25.5%
certain
25.5%
CURL
25.4%
SURE
24.9%
female horse
24.2%
CARE
23.9%
0~O~0~O~0~O~0
23.7%
0~O~0~O~0~O~0
23.7%
war god
23.5%
MARE
23.5%
fabricate
23.5%
MAKE
22.5%
labyrinth
22.5%
MARS
22.2%
0~O~0~O~0~O~0
21.3%
0~O~0~O~0~O~0
21.3%
CONGRATULATIONS
21.3%
MAZE
21.1%
Remove Ads.
Support Sporcle.
Get the best of Sporcle when you Go Orange. This ad-free experience offers more features, more stats, and more fun while also helping to support Sporcle. Thank you for becoming a member.

You're not logged in!

Compare scores with friends on all Sporcle quizzes.
OR
Log In

Show Comments

Extras

Top Quizzes Today


Score Distribution

Your Account Isn't Verified!

In order to create a playlist on Sporcle, you need to verify the email address you used during registration. Go to your Sporcle Settings to finish the process.

Report this User

Report this user for behavior that violates our Community Guidelines.

Details: